| 000 | 00544nam a2200181 4500 | ||
|---|---|---|---|
| 001 | 121207 | ||
| 003 | ES-MaACL | ||
| 005 | 20230906191718.0 | ||
| 007 | t| | ||
| 008 | 070214s1968 sp r ||||1| spa d | ||
| 100 | 1 |
_aPonte, Maurice. _993052 |
|
| 245 | 1 | 3 |
_aLa electrónica / _cMaurice Ponte, Pierre Braillard ; traducción de Juan Godo. |
| 260 |
_aBarcelona : _bMartínez Roca, _c1968. |
||
| 300 |
_a200 p. ; _c18 cm. |
||
| 700 | 1 |
_aBraillard, Pierre. _931293 |
|
| 700 | 1 |
_aGodo Costa, Juan. _957532 |
|
| 852 |
_aES-MaACL _jF-10131 _bR.65469 |
||
| 999 |
_c121207 _d121207 |
||